| 000 | 01140nam a2200253 i 4500 | ||
|---|---|---|---|
| 001 | 13172 | ||
| 003 | ES-MaACL | ||
| 005 | 20251220172858.0 | ||
| 007 | t| | ||
| 008 | 000000s1984 sp ab ||||0| gao | ||
| 020 | _a84-7492-210-0 | ||
| 080 | _a301.153.2:7:061.3(46)"1982" | ||
| 111 | 0 |
_aSeminario Galego de Arte. _eComunicación _n(I. _d1982. _cSada) _91048 |
|
| 245 | 1 | 0 |
_a1º Seminario Galego de Arte-Comunicación / _ccoordinado pola Area de Arte-Comunicación, do Seminario de Estudos Galegos, con motivo de súa constitución, e celebrado no Laboratorio do Castro (Sada-Coruña), os días 11 e 12 de decembro de 1982. |
| 260 |
_aSada, A Coruña : _bEdiciós do Castro, _c[1984] |
||
| 300 |
_a164 p., [8] p. de lám. : _bil. ; _c24 cm. |
||
| 490 | 1 |
_aCuadernos de área de arte-comunicación ; _v1. _aPublicacións de Seminario de Estudos Galegos |
|
| 500 | _aÍndice. | ||
| 504 | _aBibliografía. | ||
| 650 | 1 | 4 |
_aMedios de comunicación social y arte- _vCongresos y asambleas. _914979 |
| 830 | 0 | 0 |
_aCuadernos de área de arte-comunicación _v1. _9228288 |
| 852 |
_aES-MaACL _jL-20482 |
||
| 999 |
_c13172 _d13172 |
||